000
00332 a2200157 4500
001
180018
020
_a
040
_c
Magnum
100
_a
Siguemoto, Regina
240
1
0
_a
Asdrubal, o magico
_l
por
245
1
0
_a
Asdrubal, o magico
362
0
_a
1899
440
1
_a
FTD
697
_a
MAGNITO: I/AVENTURA, CRIANCAS
942
_c
BK
999
_c
180018
_d
180018